|
|
|
|
| LEADER |
01188nam a2200265 u 4500 |
| 001 |
10118707 |
| 003 |
upatras |
| 005 |
20210117205706.0 |
| 008 |
160112s2006 f gre |
| 020 |
|
|
|a 9606313875
|
| 040 |
|
|
|a GR-PaULI
|c GR-PaULI
|
| 041 |
0 |
|
|a gre
|
| 082 |
0 |
4 |
|a 520
|
| 100 |
1 |
|
|a Σταμούλης, Βασίλης
|4 aut
|9 148214
|
| 245 |
1 |
0 |
|a Λύση παραδόξων Ζήνωνα
|b απόδειξη χρονοδιαστολής σύμπαντος
|b εισαγωγή μεταβλητών διαστάσεων
|c Βασίλης Σταμούλης
|
| 260 |
|
|
|a Αθήνα
|b [χ.ε.]
|c 2006
|
| 300 |
|
|
|a 74 σ.
|c 24 εκ.
|
| 504 |
|
|
|a Περιλαμβάνει βιβλιογραφία
|
| 600 |
1 |
4 |
|a Ζήνων ο Ελεάτης
|d π. 490-430
|9 82527
|
| 650 |
|
4 |
|9 9127
|a Αστρονομία
|z Ελλάδα, Αρχαία.
|
| 852 |
|
|
|a GR-PaULI
|b ΠΑΤΡΑ
|b ΦΙΛΟΣΟΦΙΑ
|k ΑΣΧΕ-4
|h 520 ΣΤΑ
|m 6927
|p 025000171076
|t 1
|
| 942 |
|
|
|2 ddc
|c BK15
|
| 952 |
|
|
|0 0
|1 0
|4 0
|6 520_000000000000000_ΣΤΑ
|7 0
|9 187633
|a PHIL
|b PHIL
|d 2016-04-24
|i 6927
|l 0
|o 520 ΣΤΑ
|p 025000171076
|r 2016-04-24 00:00:00
|t 1
|w 2016-04-24
|y BK15
|
| 998 |
|
|
|c ΚΑΝΕΛΛΟΠΟΥΛΟΥ
|d 2016-01
|
| 999 |
|
|
|c 115731
|d 115731
|